| 000 | 00889cab a22002415a 4500 | ||
|---|---|---|---|
| 001 | L159878 | ||
| 008 | 150113e2017 xxk 000 0 eng d | ||
| 035 | _a(Sirsi) u159878 | ||
| 041 | 0 | _aeng | |
| 050 | _a346.410434 $2 18 | ||
| 100 | 1 | _aRowling, Jon | |
| 245 | 0 | 0 |
_aWhat's the damage _h[electronic resource] |
| 260 |
_aLondon _bRICS _c2017 |
||
| 490 |
_aRICS Building Surveying Journal _vDecember 2017 - January 2018, 7(1) |
||
| 520 | _aClarifies the term "supersession" which can cause confusion at lease-end dilapidations. | ||
| 650 | 2 | 4 |
_aDilapidations _96235 |
| 650 | 2 | 4 | _aLEASE |
| 650 | 2 | 4 | _aCAR GIANT LTD & ANOR V HAMMERSMITH AND FULHAM BOROUGH COUNCIL |
| 651 | 4 |
_aUnited Kingdom _y |
|
| 690 |
_aLandlord and tenant _96252 |
||
| 856 | 4 | 0 |
_uhttps://issuu.com/ricsmodus/docs/building_surveying_journal_december_cfa9ea648afe6a _yAvailable free online via Issuu |
| 942 |
_n0 _2ddc |
||
| 999 |
_c85037 _d85037 |
||